1079 2000 1160 1311 1198 1686 1724 1366 1675 1013 1063 1435 1576 1634 1575 1916 1853 1545 1601 1279 1272 1326 1060 1712 1947 1035 1699 1135 1529 1428 1000 1758 1258 1867 1158 1659 1111 1427 1678 1907 1863 1635 1413 1838 1540 1044 1609 1393 1104 1726 1405 1694 1369 1688 1260 1671 1537 1686 1076 1892 1789 1157 1738 1264 1811 1105 1374 1733 1922 1790 1015 1305 1767 1503 1514 1460 1330 1701 1168 1911 1954 1194 1816 1071 1347 1920 1322 1917 1214 1933 1814 1031 1010 1213 1697 1156 1140 1979 1277 BCNSPRNW ULIB Ver.6.0+V

เปลี่ยนเป็นภาษาไทย

Change to English
 แสดงรายละเอียดบรรณานุกรม
  กลับหน้าหลัก

Brief Record : Get Marc (ISO 2709) : E-mail record : QR code < ปิดหน้าต่าง
LEADER : 00000nam 2200000uu 4500
001    13399114366
003     ULIB
008    120326s2544||||th 000 0 tha d
020    ^a9746133748
060 04 ^aWA400^bม226ส ล.1-2 2544
100 0  ชัยยุทธ ชวลิตนิธิกุล
245 10 ^aสุขศาสตร์อุตสาหกรรมพื้นฐาน =^bFundamentals of industrial ล.2/^cชัยยุทธ ชวลิตนิธิกุล
246 31 ^aFundamentals of industrial hygiene
250    ^aพิมพ์ครั้งที่ 9
260    ^a[นนทบุรี] :^bสำนักพิมพ์มหาวิทยาลัยสุโขทัยธรรมาธิราช,^c2544
300    ^a2 ล. :^bภาพประกอบ ;^c30 ซม.
500    ^aเอกสารการสอนชุดวิชา 54104 หน่วยที่ 1-8, 9-15" -- หน้าปกใน
500    ^aสิ่งพิมพ์ของ มหาวิทยาลัยสุโขทัยธรรมาธิราช
500    ^aSend to Single Search
591    ^aLICL มีปี 2533
591    ^aLIAD มีปี 2544
650  4 ^aความปลอดภัยในงานอุตสาหกรรม
650  4 ^aเวชศาสตร์อุตสาหกรรม
650  4 ^aสุขศาสตร์อุตสาหกรรม
700 0  ^aชัยยุทธ ชวลิตนิธิกุล
710 2  ^aมหาวิทยาลัยสุโขทัยธรรมาธิราช. ^bสาขาวิชาวิทยาศาสตร์สุขภาพ
945    ^p0^l0^i10509
945    ^p0^l0^i10510
945    ^p0^l0^i10511
945    ^p0^l0^i10512
995    ^aกัณชพร
999 ^a ใช้งานได้ทุกระบบ
รายการนี้ยังไม่มีแท็ก
คุณยังไม่ได้ล็อกอิน คุณสามารถมีกิจกรรมร่วมกับเว็บไซต์ได้ แต่ต้องล็อกอินก่อน ::
  ล็อกอิน

รายการสื่อสารสนเทศ

ลำดับที่ ประเภท เลขเรียก/บาร์โค้ด สถานที่ สถานะ
- ไม่พบข้อมูล -

รายการใกล้เคียง
    ผู้แต่ง [ชัยยุทธ ชวลิตนิธิกุล]

    หัวเรื่อง [ความปลอดภัยในงานอุตสาหกรรม]
    หัวเรื่อง [เวชศาสตร์อุตสาหกรรม]
    หัวเรื่อง [สุขศาสตร์อุตสาหกรรม]

BibComment


ยังไม่เคยถูกคอมเมนท์

คอมเมนท์ทรัพยากรรายการนี้
  คอมเมนท์: สุขศาสตร์อุตสาหก..


 Copyright 2026. Bcnsprnw @Library